• 首页
  • 本馆介绍
  • 公告通知
  • 最新文献
  • 馆藏检索
  • 电子资源
  • 读者导购
  • 参考咨询
  • 我的图书馆
  • 登录
  • 详细信息显示
  • 放入我的书架
  • 预约/预借图书
  • 作者相关作品
  • 分类相关作品
  • 丛书相关作品
  • 出版社相关作品

书目信息

  • 表格格式
  • 工作单格式
  • 卡片格式
题名:
华世奎集
    
 
作者: 华世奎 , 华承彦 著 ;罗海燕 整理
分册:  
出版信息: 北京   社会科学文献出版社  2020
页数: 13,276页
开本: 24cm
丛书名: 天津历代文集丛刊
单 册:
中图分类: I214.92
科图分类:
主题词: 中国文学--zhong guo wen xue--古典文学--作品综合集--清代
电子资源:
ISBN: 978-7-5201-6504-4
000 01249oam2 2200289 450
001 2159260501
005 20210926145339.0
010    @a978-7-5201-6504-4@b精装@dCNY98.00
100    @a20201109d2020 em y0chiy0120 ea
101 0  @achi
102    @aCN@b110000
105    @aa z 000yy
106    @ar
200 1  @a华世奎集@Ahua shi kui ji@f(清)华世奎著@c华承彦集@f(清)华承彦著@g罗海燕整理
210    @a北京@c社会科学文献出版社@d2020
215    @a13,276页@c图,照片@d24cm
225 2  @a天津历代文集丛刊@Atian jin li dai wen ji cong kan@h第一辑
300    @a2018年度天津社会科学院学术著作后期出版资助
330    @a本书内容包括《祖父母遗事存略》《先考屏周府君、先妣田太夫人行述》以及《思闇诗集》等。作者对其著述加以整理,具有重要的价值和意义:一是通过华氏诗文可以了解晚清政局动荡的真实细节,能够补史之阙。二是有助于认知华世奎多面的人生以及在易代之际的心路历程;三是有利于提升天津文化自信。
461  0 @12001 @a天津历代文集丛刊
606 0  @a中国文学@Azhong guo wen xue@x古典文学@x作品综合集@z清代
690    @aI214.92@v5
701  0 @c(清)@a华世奎@Ahua shi kui@f(1864-1942)@4著
701  0 @c(清)@a华承彦@Ahua cheng yan@4著
702  0 @a罗海燕@Aluo hai yan@4整理
801  0 @aCN@b百万庄@c20210926
905    @b1299484-87@dI214.92@e1051@f4
    
    华世奎集/(清)华世奎著.华承彦集/(清)华承彦著/罗海燕整理.-北京:社会科学文献出版社,2020
    13,276页:图,照片;24cm.-(天津历代文集丛刊.第一辑)
    2018年度天津社会科学院学术著作后期出版资助
    
    ISBN 978-7-5201-6504-4(精装):CNY98.00
    本书内容包括《祖父母遗事存略》《先考屏周府君、先妣田太夫人行述》以及《思闇诗集》等。作者对其著述加以整理,具有重要的价值和意义:一是通过华氏诗文可以了解晚清政局动荡的真实细节,能够补史之阙。二是有助于认知华世奎多面的人生以及在易代之际的心路历程;三是有利于提升天津文化自信。
●
相关链接 在E读中查询图书 在五车中查询图书 在当当中查询图书 在豆瓣中查询图书


正题名:华世奎集     索取号:I214.92/1051         预约/预借

序号 登录号 条形码 馆藏地/架位号 状态 备注
1 1299484   212994848   第一样本阅览室/ [索取号:I214.92/1051] 在馆    
2 1299485   212994857   第二借阅区/ [索取号:I214.92/1051] 在馆    
3 1299486   212994866   第二借阅区/ [索取号:I214.92/1051] 在馆    
4 1299487   212994875   第二借阅区/ [索取号:I214.92/1051] 在馆    
唐山师范学院图书馆 欢迎您!
大连网信软件有限公司© 版权所有